000 00558nam a2200205Ia 4500
999 _c50450
_d50450
001 17396
003 GE_BSU
005 20230317120507.0
008 181216s2010||||enk|||||||||||||| ||eng||
020 _a9789279104350
040 _cGE_BSU
041 _aeng
080 _a32 E-91
245 _aEuropean neighbourhood and partnership instrument.
264 _c2010.
300 _a52p.;
_b29cm.
653 _aევროპული მეზობლობა
653 _aევროპული პარტნიორობა
942 _cBK
_2udc